| 000 | 00433cam a2200169ua 4500 | ||
|---|---|---|---|
| 020 | _c25.00 | ||
| 041 |
_amal _h |
||
| 082 |
_a894.8121 _bVAl/RI |
||
| 100 | _aNarayana Menon, Vallathol. | ||
| 245 |
_aRithuvilasam / _cVallathol Narayana Menon. _hTextual Documents |
||
| 260 |
_aCheruthuruthy : _bVallathol Granthalayam , _c1957. |
||
| 300 | _a21 ; . | ||
| 365 | _a25.00 | ||
| 504 | _a | ||
| 942 | _cBK | ||
| 999 |
_c5138 _d5138 |
||